[Event "Pere Noel U1800"]
[Site "Montreal CAN"]
[Date "2022.12.30"]
[Round "5.30"]
[White "Amari, Mathias"]
[Black "Bedard, Michel"]
[Result "0-1"]
[WhiteElo "1404"]
[BlackElo "1651"]
[PlyCount "62"]
[EventDate "2022.12.27"]
[EventType "swiss"]
[EventRounds "5"]
[EventCountry "CAN"]

1. e4 e5 2. Nf3 Nf6 3. Nxe5 d6 4. Nf3 Nxe4 5. Nc3 Nxc3 6. dxc3 Be7 7. Be3 Nc6
8. Qd2 Bf6 9. O-O-O h6 10. Kb1 Bg4 11. Be2 Ne5 12. Nxe5 Bxe2 13. Qxe2 Bxe5 14.
f4 Bf6 15. Qb5+ Qd7 16. Qxb7 O-O 17. Bd4 Rfb8 18. Qa6 Bxd4 19. Rxd4 Rb6 20. Qa4
c6 21. Rhd1 Qb7 22. b3 d5 23. c4 Ra6 24. Qxa6 Qxa6 25. cxd5 cxd5 26. Rxd5 Re8
27. c4 Re2 28. R5d2 Qg6+ 29. Kc1 Qxg2 30. b4 Rxd2 31. Rxd2 Qf1+ 0-1

[Event "Pere Noel U1800"]
[Site "Montreal CAN"]
[Date "2022.12.30"]
[Round "5.31"]
[White "Campeau, Eric"]
[Black "Sanders, Marcus"]
[Result "1/2-1/2"]
[WhiteElo "1411"]
[BlackElo "1341"]
[PlyCount "73"]
[EventDate "2022.12.27"]
[EventType "swiss"]
[EventRounds "5"]
[EventCountry "CAN"]

1. e4 e6 2. d4 d5 3. e5 c5 4. c3 Qb6 5. Nf3 Nc6 6. Bd3 Bd7 7. O-O cxd4 8. cxd4
Nb4 9. Nc3 Nxd3 10. Qxd3 Ne7 11. b4 a6 12. Bd2 Bb5 13. Nxb5 Qxb5 14. Qb3 Nc6
15. a4 Qb6 16. b5 a5 17. Rfc1 Be7 18. Qd3 Nb4 19. Qc3 Kd7 20. Kf1 Rac8 21. Qb3
Rhg8 22. Rxc8 Rxc8 23. Rc1 Rxc1+ 24. Bxc1 Qc7 25. Bd2 h6 26. Qc3 Qxc3 27. Bxc3
b6 28. Ke2 Ke8 29. Bxb4 Bxb4 30. Ne1 Bxe1 31. Kxe1 Ke7 32. f4 f6 33. g4 fxe5
34. fxe5 Kf7 35. Kf2 g5 36. Kg3 Kg6 37. h3 1/2-1/2

[Event "Pere Noel U1800"]
[Site "Montreal CAN"]
[Date "2022.12.30"]
[Round "5.32"]
[White "Hu, Richard"]
[Black "Luksza, Patrik"]
[Result "0-1"]
[WhiteElo "1201"]
[BlackElo "1366"]
[PlyCount "82"]
[EventDate "2022.12.27"]
[EventType "swiss"]
[EventRounds "5"]
[EventCountry "CAN"]

1. e4 c6 2. d4 d5 3. exd5 cxd5 4. Nc3 Nf6 5. Nf3 Bg4 6. h3 Bh5 7. g4 Bg6 8.
Bb5+ Nc6 9. Ne5 Qb6 10. f3 O-O-O 11. Bxc6 bxc6 12. h4 h5 13. g5 Nd7 14. Nxg6
fxg6 15. f4 e6 16. Rb1 Bb4 17. Qd3 Rhf8 18. Be3 Rf5 19. O-O Rdf8 20. Kg2 Bd6
21. Kg3 Qc7 22. Ne2 c5 23. dxc5 Nxc5 24. Bxc5 Qxc5 25. c4 e5 26. cxd5 exf4+ 27.
Kh3 Kd7 28. Nc3 Re8 29. Ne4 Qe3+ 30. Qxe3 fxe3 31. Nxd6 Kxd6 32. Rxf5 gxf5 33.
Kg3 Kxd5 34. Kf3 Kd4 35. Ke2 Rc8 36. Rd1+ Ke4 37. Rd7 Rc2+ 38. Ke1 Kf3 39. Rd3
Rc1+ 40. Rd1 Rxd1+ 41. Kxd1 Kf2 0-1

[Event "Pere Noel U1800"]
[Site "Montreal CAN"]
[Date "2022.12.30"]
[Round "5.33"]
[White "Mourad, Michel"]
[Black "Jodoin, Gabriel"]
[Result "1-0"]
[WhiteElo "1384"]
[BlackElo "1380"]
[PlyCount "89"]
[EventDate "2022.12.27"]
[EventType "swiss"]
[EventRounds "5"]
[EventCountry "CAN"]

1. d4 Nf6 2. c4 e6 3. Nc3 Bb4 4. a3 Bxc3+ 5. bxc3 h6 6. Nf3 d5 7. cxd5 exd5 8.
Bf4 O-O 9. e3 Bg4 10. c4 c6 11. Be2 Ne4 12. Qb3 Na6 13. Nd2 Nxd2 14. Kxd2 Qa5+
15. Kd1 dxc4 16. Qxc4 b5 17. Qc2 Bxe2+ 18. Kxe2 b4 19. axb4 Qh5+ 20. Kd2 Nxb4
21. Qc4 a5 22. Bd6 Rfe8 23. Bxb4 axb4 24. Qxc6 Rac8 25. Qa4 Qg6 26. g3 Qe4 27.
Rac1 Rc3 28. Rxc3 bxc3+ 29. Ke2 Ra8 30. f3 Qb7 31. Qc2 Qb5+ 32. Kf2 Qc4 33. Rb1
g6 34. Rb3 Ra1 35. g4 g5 36. Rxc3 Qf1+ 37. Kg3 Qe1+ 38. Kh3 Rd1 39. d5 Qf1+ 40.
Qg2 Qe1 41. Rc8+ Kh7 42. Qc2+ Kg7 43. Qb2+ f6 44. Qb7+ Kg6 45. Rg8# 1-0

[Event "Pere Noel U1800"]
[Site "Montreal CAN"]
[Date "2022.12.30"]
[Round "5.34"]
[White "Lau, Jonathan"]
[Black "Berthiaume, Yves"]
[Result "1-0"]
[WhiteElo "1324"]
[BlackElo "1416"]
[PlyCount "105"]
[EventDate "2022.12.27"]
[EventType "swiss"]
[EventRounds "5"]
[EventCountry "CAN"]

1. d4 d5 2. Nf3 Nf6 3. c4 c6 4. Nc3 dxc4 5. e4 b5 6. Be2 e6 7. O-O Be7 8. a4 b4
9. e5 bxc3 10. exf6 Bxf6 11. bxc3 Nd7 12. Bxc4 O-O 13. Qd3 Re8 14. Re1 Bb7 15.
h4 c5 16. Ng5 Nf8 17. Be3 cxd4 18. cxd4 h6 19. Ne4 Bxh4 20. Bb5 Re7 21. Bd2 a6
22. Bc4 Ng6 23. g3 Bxe4 24. Rxe4 Bf6 25. Bxa6 Rea7 26. Bb5 Ne7 27. a5 Nf5 28.
Bc3 Nd6 29. Rg4 Nxb5 30. Qxb5 Qd5 31. Qd3 Rb8 32. Qe4 Rb5 33. Qxd5 Rxd5 34. Kf1
Bd8 35. a6 Bf6 36. Bb4 Rb5 37. Bc5 Ra8 38. Ra3 Rb1+ 39. Ke2 Rb2+ 40. Kf1 Rb1+
41. Ke2 Rb2+ 42. Kf3 Rd2 43. a7 e5 44. Rb3 Kh7 45. Rb8 h5 46. Re4 g5 47. Ke3
Ra2 48. Rxa8 g4 49. dxe5 Bg5+ 50. Kd4 Rd2+ 51. Kc3 Rd1 52. Rh8+ Kxh8 53. a8=Q+
1-0

[Event "Pere Noel U1800"]
[Site "Montreal CAN"]
[Date "2022.12.30"]
[Round "5.35"]
[White "Tremblay, Xavier"]
[Black "Raduica, Gheorghe"]
[Result "1-0"]
[WhiteElo "1213"]
[BlackElo "1412"]
[PlyCount "137"]
[EventDate "2022.12.27"]
[EventType "swiss"]
[EventRounds "5"]
[EventCountry "CAN"]

1. d4 d5 2. c4 e6 3. Nc3 Bb4 4. cxd5 Qxd5 5. e3 Nf6 6. Nge2 Bd7 7. a3 Bxc3+ 8.
bxc3 Bc6 9. Nf4 Qf5 10. f3 Qa5 11. Bd2 g5 12. c4 Qa4 13. Qxa4 Bxa4 14. Nd3 Nbd7
15. Rb1 b6 16. e4 h6 17. d5 O-O-O 18. Be3 Bc2 19. Rb5 Bxd3 20. Bxd3 a6 21. Rb2
Rhe8 22. O-O exd5 23. cxd5 Nxd5 24. Bxa6+ Kb8 25. Bd4 Nf4 26. Bb5 Re7 27. a4
Ne6 28. Bf2 Ndc5 29. a5 Kb7 30. axb6 cxb6 31. Bc4 Nd4 32. Bd5+ Rxd5 33. exd5
Ne2+ 34. Kh1 Na4 35. Rc2 Nec3 36. d6 Rd7 37. Bg3 Nd5 38. Re1 Nc5 39. Rd2 Kc6
40. Red1 Ne3 41. Re1 Nc4 42. Rd4 Nxd6 43. Bxd6 Rxd6 44. Rxd6+ Kxd6 45. Rb1 Nd7
46. g3 f6 47. Kg2 h5 48. f4 Ke6 49. fxg5 fxg5 50. h4 gxh4 51. gxh4 Kf5 52. Kh3
Kf6 53. Rb5 Kg6 54. Rg5+ Kh6 55. Rd5 Nc5 56. Rd6+ Kh7 57. Rxb6 Ne4 58. Re6 Nf2+
59. Kg3 Ng4 60. Kf4 Nh6 61. Kg5 Nf7+ 62. Kxh5 Kg7 63. Ra6 Ne5 64. Kg5 Nf7+ 65.
Kf4 Nd8 66. Kf5 Nf7 67. Ra7 Kg8 68. h5 Kf8 69. Kf6 1-0

[Event "Pere Noel U1800"]
[Site "Montreal CAN"]
[Date "2022.12.30"]
[Round "5.36"]
[White "Rebhi, Mohamed"]
[Black "Bergeron, Jean-Guy"]
[Result "0-1"]
[WhiteElo "1424"]
[BlackElo "1507"]
[PlyCount "127"]
[EventDate "2022.12.27"]
[EventType "swiss"]
[EventRounds "5"]
[EventCountry "CAN"]

1. e4 Nc6 2. Nf3 e5 3. d4 exd4 4. Nxd4 Bc5 5. Nxc6 bxc6 6. Bd3 Qh4 7. O-O Nf6
8. Qf3 O-O 9. Bf4 d6 10. Nd2 Rb8 11. b3 Bd4 12. Rab1 Re8 13. Bg3 Qh6 14. Bf4
Qh4 15. Qg3 Qh5 16. Nf3 Bc3 17. Bd2 Bxd2 18. Nxd2 Qc5 19. Rfe1 Re5 20. Nf3 Rh5
21. Re3 Ng4 22. Re2 Ne5 23. Nxe5 Rxe5 24. Rbe1 Rg5 25. Qe3 Bg4 26. Qxc5 Rxc5
27. Re3 Be6 28. c4 Ra5 29. Bb1 Rg5 30. f4 Rg4 31. f5 Bd7 32. e5 Rf8 33. e6 fxe6
34. fxe6 Be8 35. Rf1 Rxf1+ 36. Kxf1 Rf4+ 37. Kg1 g6 38. g3 Rd4 39. Re1 c5 40.
Be4 c6 41. Bg2 Kg7 42. Bh3 Rd2 43. a4 Rd3 44. Bf1 Rxb3 45. Rd1 h5 46. Bh3 d5
47. cxd5 cxd5 48. Rxd5 c4 49. Bg2 Bxa4 50. Be4 Kf6 51. Ra5 Ra3 52. Bc2 Ra1+ 53.
Kf2 Ra2 54. Ke3 Rxc2 55. Rxa4 Rxh2 56. e7 Kxe7 57. Rxa7+ Ke6 58. Rc7 c3 59. Kf4
Kf6 60. Rc6+ Kg7 61. Rxc3 Kh6 62. Kf3 Ra2 63. Rc6 Rd2 64. Rc3 0-1

[Event "Quebec op"]
[Site "Laval CAN"]
[Date "2022.09.01"]
[Round "1.1"]
[White "Rodrigue-Lemieux, Shawn"]
[Black "Wiebe, Isaac"]
[Result "1-0"]
[WhiteElo "2451"]
[BlackElo "2010"]
[PlyCount "81"]
[EventDate "2022.09.01"]
[EventType "swiss"]
[EventRounds "9"]
[EventCountry "CAN"]

1. e4 e5 2. Nf3 Nc6 3. Bb5 a6 4. Ba4 Nf6 5. d3 d6 6. c3 g6 7. d4 Bd7 8. O-O Bg7
9. d5 Ne7 10. Bxd7+ Qxd7 11. Re1 O-O 12. c4 h6 13. Nc3 Nh5 14. Be3 f5 15. exf5
Qxf5 16. Nd2 Nf4 17. Nde4 g5 18. f3 Neg6 19. g3 Qh3 20. Qc2 Nh4 21. Rf1 Nfg2
22. Bxg5 hxg5 23. Nxg5 Qf5 24. Qxf5 Rxf5 25. gxh4 Nxh4 26. Ne6 Rc8 27. Kf2 Bh6
28. Rg1+ Kh7 29. Rg3 Ng6 30. Rag1 Nf4 31. Nxf4 Rxf4 32. Ne4 Rcf8 33. Ke2 Rh4
34. R1g2 Rf7 35. b4 Rh5 36. c5 Bf4 37. Rg4 Rh6 38. a4 Re7 39. Rg8 dxc5 40. bxc5
Bxh2 41. Rf8 1-0

[Event "Quebec op"]
[Site "Laval CAN"]
[Date "2022.09.01"]
[Round "1.2"]
[White "Javidfard, Amirsalar"]
[Black "Sambuev, Bator"]
[Result "0-1"]
[WhiteElo "2009"]
[BlackElo "2436"]
[PlyCount "76"]
[EventDate "2022.09.01"]
[EventType "swiss"]
[EventRounds "9"]
[EventCountry "CAN"]

1. d4 Nf6 2. c4 e6 3. Nf3 b6 4. a3 Bb7 5. Nc3 g6 6. Bf4 Bg7 7. h3 O-O 8. Qc2 d5
9. Rd1 c5 10. Nb5 Nbd7 11. Bd6 a6 12. Bxf8 Qxf8 13. Nc3 cxd4 14. Nxd4 e5 15.
Nf3 d4 16. Nb1 Re8 17. b4 a5 18. Qb3 axb4 19. axb4 Qe7 20. Nbd2 Bf8 21. Rb1 Ne4
22. e3 Nc3 23. Rb2 Ra8 24. Bd3 Ra1+ 25. Nb1 Bc6 26. O-O Ba4 27. Nxc3 Rxf1+ 28.
Bxf1 Bxb3 29. Nd5 Qd6 30. Rxb3 dxe3 31. fxe3 e4 32. Nd4 Nf6 33. Nb5 Qe5 34.
Nbc3 Nxd5 35. Nxd5 Bd6 36. Rb1 b5 37. Nf4 bxc4 38. b5 Bc5 0-1

[Event "Quebec op"]
[Site "Laval CAN"]
[Date "2022.09.01"]
[Round "1.3"]
[White "Vera, Reynaldo"]
[Black "Ber, Yves"]
[Result "1-0"]
[WhiteElo "2402"]
[BlackElo "1964"]
[PlyCount "51"]
[EventDate "2022.09.01"]
[EventType "swiss"]
[EventRounds "9"]
[EventCountry "CAN"]

1. Nf3 Nf6 2. c4 b6 3. g3 Bb7 4. Bg2 e6 5. O-O Be7 6. d4 O-O 7. d5 exd5 8. Nh4
Qc8 9. Nf5 Re8 10. cxd5 d6 11. e4 Nbd7 12. Nc3 c6 13. Bf4 Ne5 14. dxc6 Qxc6 15.
Rc1 Qd7 16. Qe2 Bc6 17. Rfd1 Bf8 18. Bg5 Ng6 19. Bxf6 gxf6 20. Qd2 Rad8 21. Qd4
Qe6 22. Qd2 Ne7 23. Nd4 Qg4 24. Nxc6 Nxc6 25. Nd5 Qg5 26. Rxc6 1-0

[Event "Quebec op"]
[Site "Laval CAN"]
[Date "2022.09.01"]
[Round "1.4"]
[White "Latorre, Vincent"]
[Black "Migot, Tangi"]
[Result "0-1"]
[WhiteElo "1949"]
[BlackElo "2356"]
[PlyCount "90"]
[EventDate "2022.09.01"]
[EventType "swiss"]
[EventRounds "9"]
[EventCountry "CAN"]

1. e4 c5 2. Nf3 a6 3. Nc3 b5 4. d4 cxd4 5. Nxd4 Bb7 6. f3 e6 7. Be3 Bb4 8. Qe2
Nf6 9. O-O-O O-O 10. Kb1 d5 11. e5 Nfd7 12. Bf4 Nc6 13. Nxc6 Bxc6 14. Qe3 Bc5
15. Qe1 b4 16. Ne2 Qb6 17. Nc1 Bb5 18. h4 a5 19. Bxb5 Qxb5 20. h5 a4 21. g4 b3
22. cxb3 axb3 23. a3 Qc4 24. Qd2 Bxa3 25. bxa3 b2 26. Qb4 bxc1=Q+ 27. Rxc1 Qd3+
28. Ka2 Rfb8 29. Qc3 Qe2+ 30. Bd2 Nxe5 31. Rce1 Qxf3 32. Rh3 Qxc3 33. Rxc3 Nc4
34. Bc1 Kf8 35. h6 gxh6 36. Bxh6+ Ke7 37. Bc1 Rc8 38. Bf4 Nd6 39. Bxd6+ Kxd6
40. Rf3 Ra7 41. g5 Rg8 42. Rh1 Rxg5 43. Rxh7 Rg2+ 44. Kb3 Rb7+ 45. Ka4 Rg8 0-1

[Event "Quebec op"]
[Site "Laval CAN"]
[Date "2022.09.01"]
[Round "1.5"]
[White "Chiku-Ratte, Olivier-Kenta"]
[Black "Turcotte, Jonathan"]
[Result "1-0"]
[WhiteElo "2355"]
[BlackElo "1940"]
[PlyCount "73"]
[EventDate "2022.09.01"]
[EventType "swiss"]
[EventRounds "9"]
[EventCountry "CAN"]

1. c4 c6 2. Nf3 d5 3. e3 Nf6 4. Nc3 Nbd7 5. Qc2 e5 6. cxd5 Nxd5 7. b3 Bd6 8.
Bb2 O-O 9. Ne4 Bc7 10. g4 Re8 11. h4 N7f6 12. Nxf6+ Qxf6 13. Ng5 g6 14. Be2 Qe7
15. Ne4 f5 16. gxf5 Bxf5 17. h5 Rad8 18. hxg6 Bxg6 19. a3 Nf6 20. d3 Nxe4 21.
dxe4 Qg5 22. Bd3 Qg4 23. Qe2 Qxe2+ 24. Kxe2 Re7 25. Bc3 Red7 26. Bc2 c5 27.
Rag1 b5 28. Rg5 a5 29. b4 cxb4 30. axb4 a4 31. Bb1 Re7 32. f4 Kf8 33. fxe5 Rde8
34. Rxg6 hxg6 35. Rh8+ Kf7 36. Ba2+ Re6 37. Rxe8 1-0

[Event "Quebec op"]
[Site "Laval CAN"]
[Date "2022.09.01"]
[Round "1.6"]
[White "Ang, Alan"]
[Black "Perez Rodriguez, Luis Manuel"]
[Result "1/2-1/2"]
[WhiteElo "1921"]
[BlackElo "2335"]
[PlyCount "76"]
[EventDate "2022.09.01"]
[EventType "swiss"]
[EventRounds "9"]
[EventCountry "CAN"]

1. b3 e5 2. Bb2 Nc6 3. c4 Nf6 4. e3 d5 5. cxd5 Nxd5 6. a3 Bd6 7. d3 O-O 8. Nf3
f5 9. Nbd2 Qe7 10. Nc4 Bd7 11. g3 Rae8 12. Bg2 Nf6 13. O-O Kh8 14. b4 a6 15.
Rc1 b5 16. Nxd6 cxd6 17. Qe2 Rc8 18. Rc2 e4 19. dxe4 fxe4 20. Ng5 d5 21. Nh3
Ne5 22. Nf4 Bg4 23. Qd2 Rc4 24. h3 Nf3+ 25. Bxf3 Bxf3 26. Bxf6 Qxf6 27. Rfc1
Rd8 28. Kh2 d4 29. Rxc4 bxc4 30. Rxc4 d3 31. Rc1 h6 32. a4 Qd6 33. Rc5 Qf6 34.
a5 Qa1 35. g4 g5 36. Rc1 Qe5 37. Rc5 Qa1 38. Rc1 Qe5 1/2-1/2

[Event "Quebec op"]
[Site "Laval CAN"]
[Date "2022.09.01"]
[Round "1.7"]
[White "Nicula, Marius"]
[Black "Batorshyn, Ilia"]
[Result "0-1"]
[WhiteElo "2185"]
[BlackElo "1909"]
[PlyCount "98"]
[EventDate "2022.09.01"]
[EventType "swiss"]
[EventRounds "9"]
[EventCountry "CAN"]

1. d4 Nf6 2. Nf3 d5 3. g3 e6 4. Bg2 Be7 5. c4 O-O 6. Nc3 c6 7. O-O Nbd7 8. b3
b6 9. Ne5 Bb7 10. Bb2 Nxe5 11. dxe5 Nd7 12. cxd5 cxd5 13. Nb5 a6 14. Nd6 Bxd6
15. exd6 Nf6 16. Ba3 Qd7 17. Qd4 b5 18. Rac1 Rfc8 19. f3 Ne8 20. Qf4 a5 21. e4
b4 22. Bb2 Qxd6 23. e5 Qd7 24. h4 Nc7 25. h5 h6 26. g4 Qe7 27. Qe3 Nb5 28. f4
d4 29. Qg3 Nc3 30. Rf2 Kh8 31. f5 Bxg2 32. f6 Qf8 33. Qxg2 Rd8 34. Rcf1 Ra7 35.
Bc1 d3 36. g5 Ne2+ 37. Kh1 Rd4 38. Rxe2 dxe2 39. fxg7+ Qxg7 40. Qxe2 Rc7 41.
Qf2 Qxe5 42. Bb2 Qe4+ 43. Kg1 Qg4+ 44. Kh2 Qxh5+ 45. Kg2 Qxg5+ 46. Kh1 Qh5+ 47.
Kg1 Qg4+ 48. Kh1 e5 49. Bxd4 Qe4+ 0-1

[Event "Quebec op"]
[Site "Laval CAN"]
[Date "2022.09.01"]
[Round "1.8"]
[White "Rodriguez, Aaron"]
[Black "Zheng, Richard"]
[Result "0-1"]
[WhiteElo "1894"]
[BlackElo "2147"]
[PlyCount "40"]
[EventDate "2022.09.01"]
[EventType "swiss"]
[EventRounds "9"]
[EventCountry "CAN"]

1. e4 c6 2. d4 d5 3. Nc3 dxe4 4. Nxe4 Nf6 5. Nxf6+ exf6 6. Bf4 Bd6 7. Qd2 O-O
8. O-O-O Be6 9. Bxd6 Qxd6 10. Kb1 b5 11. Bd3 Qd5 12. b3 Nd7 13. Ne2 Nb6 14. Nc3
Qd6 15. Ne4 Qxd4 16. Ng5 Kh8 17. Nxh7 Nd5 18. Rde1 Rfd8 19. c3 Nxc3+ 20. Kc2
Bf5 0-1

[Event "Quebec op"]
[Site "Laval CAN"]
[Date "2022.09.01"]
[Round "1.9"]
[White "Zhong, Kevin"]
[Black "Chapdelaine, Gwyn"]
[Result "1-0"]
[WhiteElo "2143"]
[BlackElo "1873"]
[PlyCount "105"]
[EventDate "2022.09.01"]
[EventType "swiss"]
[EventRounds "9"]
[EventCountry "CAN"]

1. e4 c6 2. d4 d5 3. exd5 cxd5 4. c4 dxc4 5. Bxc4 Nf6 6. Nf3 e6 7. O-O Bd6 8.
Nc3 O-O 9. Bg5 Be7 10. Ne5 a6 11. Bd3 Nc6 12. Nxc6 bxc6 13. Re1 Nd5 14. Bxe7
Qxe7 15. Nxd5 cxd5 16. Qh5 g6 17. Qxd5 Bb7 18. Qe5 Rfd8 19. Be4 Bxe4 20. Rxe4
Qb7 21. b3 Rd5 22. Qf4 Rad8 23. Rc1 Qb4 24. Rc7 Rf5 25. Qe3 Qa5 26. Rc2 Rfd5
27. h3 Qb6 28. Rc4 Ra5 29. Rh4 h5 30. Qe2 Rad5 31. Qe3 Qd6 32. Re4 Ra5 33. Rc2
Rd5 34. Rc4 Ra5 35. Qe2 Qa3 36. Rc2 Rad5 37. Rc4 Qd6 38. Qc2 Qb6 39. Rc6 Qb7
40. Rc7 Qb4 41. Rxe6 Qxd4 42. Rxg6+ Kf8 43. Rg3 h4 44. Rf3 Qa1+ 45. Kh2 Qe5+
46. g3 hxg3+ 47. Kg2 f5 48. Qc6 R5d6 49. Qc4 Rf6 50. Qh4 Qxc7 51. Qxf6+ Kg8 52.
Rxg3+ Kh7 53. Qh4# 1-0

[Event "Quebec op"]
[Site "Laval CAN"]
[Date "2022.09.01"]
[Round "1.10"]
[White "Adam, Rafael"]
[Black "Li, William"]
[Result "1/2-1/2"]
[WhiteElo "1864"]
[BlackElo "2106"]
[PlyCount "89"]
[EventDate "2022.09.01"]
[EventType "swiss"]
[EventRounds "9"]
[EventCountry "CAN"]

1. d4 Nf6 2. c4 e6 3. g3 Bb4+ 4. Bd2 c5 5. Nf3 Nc6 6. Bxb4 cxb4 7. Bg2 d6 8.
O-O e5 9. dxe5 dxe5 10. Qxd8+ Kxd8 11. a3 bxa3 12. Nxa3 Ke7 13. Rfd1 Be6 14. b3
a6 15. Nc2 h6 16. Nfe1 e4 17. Nd4 Nxd4 18. Rxd4 Rad8 19. e3 b5 20. Bf1 bxc4 21.
bxc4 Ra8 22. Nc2 Rhb8 23. c5 a5 24. Bc4 Rc8 25. Bxe6 Kxe6 26. Rda4 Rxc5 27.
Nd4+ Kd5 28. Nb3 Rb5 29. Rxa5 Rbxa5 30. Rxa5+ Rxa5 31. Nxa5 g5 32. Nb7 Ng8 33.
Kg2 f5 34. Nd8 g4 35. h3 h5 36. h4 Nf6 37. Nf7 Ne8 38. Nh8 Kc4 39. Ng6 Ng7 40.
Nf4 Kc3 41. Kf1 Kd2 42. Kg1 Ke1 43. Ng2+ Ke2 44. Nf4+ Ke1 45. Ng2+ 1/2-1/2

[Event "Quebec op"]
[Site "Laval CAN"]
[Date "2022.09.01"]
[Round "1.11"]
[White "Wolchock, Theo"]
[Black "Jacquet, Stephane"]
[Result "1-0"]
[WhiteElo "2105"]
[BlackElo "1862"]
[PlyCount "77"]
[EventDate "2022.09.01"]
[EventType "swiss"]
[EventRounds "9"]
[EventCountry "CAN"]

1. e4 d6 2. d4 g6 3. Nc3 Bg7 4. Be3 a6 5. f4 Nf6 6. Nf3 b5 7. a3 Bb7 8. Bd3
Nbd7 9. O-O O-O 10. e5 Ng4 11. Qe2 c5 12. dxc5 dxe5 13. Nxe5 Ndxe5 14. fxe5
Nxe3 15. Qxe3 Qc7 16. Rae1 Rad8 17. b4 Bd5 18. Rf2 Rd7 19. a4 bxa4 20. Nxa4 Qc6
21. Nb6 Ra7 22. c4 Be6 23. Be4 Qc7 24. Bf3 Rd8 25. Rfe2 Qb8 26. h3 a5 27. b5 a4
28. Bd5 Bf5 29. g4 Be6 30. Ra2 a3 31. Ree2 Ra5 32. Kg2 Qc7 33. Bxe6 fxe6 34.
Rxa3 Rxa3 35. Qxa3 Bxe5 36. Qe3 Bd4 37. Qxe6+ Kf8 38. Nd5 Qxc5 39. Nxe7 1-0

[Event "Quebec op"]
[Site "Laval CAN"]
[Date "2022.09.01"]
[Round "1.12"]
[White "Mok, Yuen Tak"]
[Black "Chen, Max"]
[Result "0-1"]
[WhiteElo "1795"]
[BlackElo "2104"]
[PlyCount "56"]
[EventDate "2022.09.01"]
[EventType "swiss"]
[EventRounds "9"]
[EventCountry "CAN"]

1. Nf3 Nf6 2. c4 g6 3. b4 Bg7 4. Bb2 O-O 5. g3 d5 6. cxd5 Nxd5 7. Bxg7 Kxg7 8.
Qb3 a5 9. b5 c6 10. Nc3 Nxc3 11. Qxc3+ Kg8 12. a4 Qd5 13. bxc6 Nxc6 14. Bg2 Bd7
15. O-O Rac8 16. Rfc1 Nb4 17. Qe5 Qxe5 18. Nxe5 Rxc1+ 19. Rxc1 Bxa4 20. Bxb7
Rb8 21. Rc7 Bb5 22. Bf3 a4 23. Ra7 Rb6 24. d3 Ra6 25. Rxa6 Bxa6 26. Nc6 Nxc6
27. Bxc6 a3 28. Bd5 Bc8 0-1

[Event "Quebec op"]
[Site "Laval CAN"]
[Date "2022.09.01"]
[Round "1.13"]
[White "Nunez-Painchaud, Raphael"]
[Black "Landry, Sylvain"]
[Result "1-0"]
[WhiteElo "2091"]
[BlackElo "1764"]
[PlyCount "51"]
[EventDate "2022.09.01"]
[EventType "swiss"]
[EventRounds "9"]
[EventCountry "CAN"]

1. d4 d5 2. c4 c6 3. Nf3 Nf6 4. e3 e6 5. Nbd2 Nbd7 6. Bd3 Bd6 7. O-O O-O 8. Re1
e5 9. cxd5 cxd5 10. dxe5 Nxe5 11. Be2 Re8 12. b3 Bf5 13. Nd4 Bd3 14. Bb2 Qe7
15. N2f3 Be4 16. Nb5 Bb8 17. Rc1 Nxf3+ 18. Bxf3 a6 19. Nc3 Qe5 20. g3 Qf5 21.
Bg2 Bxg2 22. Kxg2 Ng4 23. Re2 Re5 24. e4 Qh5 25. h3 Nf6 26. Nxd5 1-0

[Event "Quebec op"]
[Site "Laval CAN"]
[Date "2022.09.01"]
[Round "1.14"]
[White "Guillemette, Hugo"]
[Black "Bassel, Charaf"]
[Result "1/2-1/2"]
[WhiteElo "1750"]
[BlackElo "2082"]
[PlyCount "151"]
[EventDate "2022.09.01"]
[EventType "swiss"]
[EventRounds "9"]
[EventCountry "CAN"]

1. e4 e5 2. Nf3 Nc6 3. Bb5 a6 4. Ba4 Nf6 5. O-O b5 6. Bb3 Be7 7. Re1 d6 8. c3
O-O 9. d4 Bg4 10. Be3 Na5 11. dxe5 Bxf3 12. Qxf3 dxe5 13. Bc2 Nc4 14. Bc1 Bc5
15. b3 Nd6 16. Nd2 Qc8 17. h3 a5 18. Nf1 b4 19. Bb2 Nb5 20. cxb4 Nd4 21. Qd3
axb4 22. Qc4 Bb6 23. Ne3 Qb7 24. Nf5 Qa7 25. Nxd4 Bxd4 26. Bxd4 Qxd4 27. Bd3
Rfd8 28. Rad1 Qxc4 29. Bxc4 Kf8 30. Rxd8+ Rxd8 31. f3 Rd2 32. Re2 Rxe2 33. Bxe2
Ke7 34. Kf2 Nd7 35. Ke3 Nc5 36. g3 Ne6 37. f4 f6 38. Bc4 Nd4 39. f5 Kd6 40. Kd3
Kc5 41. g4 h6 42. Ke3 Nc2+ 43. Kd2 Na3 44. Kd3 Nb1 45. Be6 c6 46. Bf7 Na3 47.
Bc4 Kb6 48. Be6 Kb5 49. Bf7 c5 50. Bd5 Nb1 51. Bf7 Kc6 52. Be8+ Kd6 53. Bf7 Kc6
54. Be8+ Kb6 55. Bd7 Na3 56. Be6 Nb5 57. Bc4 Nd4 58. Ke3 Kc6 59. Bd3 Kb6 60.
Bc4 Nc6 61. Kd3 Ne7 62. Bf7 Nc8 63. Be6 Nd6 64. Bd5 Kc7 65. Be6 Kd8 66. Bd5 Ke7
67. Be6 g6 68. h4 gxf5 69. gxf5 Ne8 70. Kc4 Kd6 71. Bf7 Nc7 72. Bg8 Kc6 73. Bf7
Kd6 74. Bg8 Kc6 75. Bf7 Kd6 76. Bg8 1/2-1/2

[Event "Quebec op"]
[Site "Laval CAN"]
[Date "2022.09.01"]
[Round "1.15"]
[White "Han, Johnathan"]
[Black "Kapush, Oleksandr"]
[Result "1-0"]
[WhiteElo "2074"]
[BlackElo "1731"]
[PlyCount "75"]
[EventDate "2022.09.01"]
[EventType "swiss"]
[EventRounds "9"]
[EventCountry "CAN"]

1. e4 c5 2. Nf3 d6 3. d4 cxd4 4. Nxd4 Nf6 5. Nc3 a6 6. Bg5 Nbd7 7. Qe2 Qc7 8.
O-O-O e6 9. f4 Be7 10. g4 b5 11. a3 Bb7 12. Kb1 O-O-O 13. Bg2 Nb6 14. Bh4 Nc4
15. g5 Nd7 16. Be1 Ndb6 17. h4 g6 18. Rh3 d5 19. e5 Kb8 20. Na2 Na4 21. b3
Nxa3+ 22. Kc1 Nb6 23. Ba5 Bc5 24. Rc3 Qe7 25. Rxc5 Qxc5 26. Bb4 Qc7 27. Bxa3
Nc8 28. Nb4 a5 29. Ndc6+ Ka8 30. Qxb5 Na7 31. Qxa5 Qxa5 32. Nxa5 h6 33. c4 hxg5
34. hxg5 Rh2 35. Rd2 Rc8 36. Kb2 Kb8 37. cxd5 Bxd5 38. Na6+ 1-0

[Event "Quebec op"]
[Site "Laval CAN"]
[Date "2022.09.01"]
[Round "1.16"]
[White "Laroche, Hugo"]
[Black "Bluvshtein, Ilia"]
[Result "0-1"]
[WhiteElo "1696"]
[BlackElo "2034"]
[PlyCount "134"]
[EventDate "2022.09.01"]
[EventType "swiss"]
[EventRounds "9"]
[EventCountry "CAN"]

1. d4 Nf6 2. Bf4 g6 3. Nf3 Bg7 4. e3 c5 5. c3 O-O 6. h3 d6 7. Bd3 Nc6 8. Bc2
Qb6 9. Qc1 Qa6 10. Qd1 cxd4 11. exd4 e5 12. dxe5 dxe5 13. Be3 Be6 14. Na3 Nd5
15. Qe2 Nxe3 16. fxe3 Qb6 17. Bd3 Bh6 18. e4 Qc5 19. Bc4 Rfe8 20. Bxe6 Rxe6 21.
Qc4 Qb6 22. Qb5 Qe3+ 23. Qe2 f5 24. Qxe3 Bxe3 25. exf5 gxf5 26. Nc2 Bc5 27. Rd1
Rf8 28. Rf1 f4 29. Rd5 Be7 30. Ke2 e4 31. Nfd4 Rg6 32. Ne1 Bh4 33. Nxc6 bxc6
34. Re5 e3 35. Re4 Bxe1 36. Kxe1 Rxg2 37. Rfxf4 Rxf4 38. Rxf4 Rxb2 39. Ra4 Kf7
40. Rxa7+ Kg6 41. Ra6 Kg5 42. Rxc6 Rxa2 43. Re6 Kf4 44. c4 h5 45. c5 Kf3 46.
Rf6+ Kg3 47. c6 Rc2 48. Re6 Kf3 49. Rf6+ Kg2 50. Re6 h4 51. Rxe3 Rxc6 52. Ra3
Re6+ 53. Kd2 Kf2 54. Ra4 Rd6+ 55. Kc3 Kg3 56. Kc2 Kxh3 57. Ra8 Kh2 58. Rg8 h3
59. Rg7 Kh1 60. Rg8 h2 61. Rg7 Ra6 62. Kd1 Ra1+ 63. Ke2 Rg1 64. Rf7 Kg2 65.
Rg7+ Kh3 66. Rh7+ Kg3 67. Rg7+ Kf4 0-1

[Event "Quebec op"]
[Site "Laval CAN"]
[Date "2022.09.01"]
[Round "1.17"]
[White "Drolet, Stephane"]
[Black "Goldner, John"]
[Result "1-0"]
[WhiteElo "2034"]
[BlackElo "1684"]
[PlyCount "89"]
[EventDate "2022.09.01"]
[EventType "swiss"]
[EventRounds "9"]
[EventCountry "CAN"]

1. d4 d5 2. Nf3 e6 3. c4 c5 4. cxd5 exd5 5. g3 Nc6 6. Bg2 Nf6 7. O-O Be7 8. Nc3
O-O 9. Bf4 a6 10. Rc1 cxd4 11. Nxd4 h6 12. Qd2 Re8 13. Rfd1 Bf8 14. Nxc6 bxc6
15. h3 Bf5 16. g4 Be6 17. Qc2 Rc8 18. Qa4 Qb6 19. Be3 Qxb2 20. Qxa6 Qa3 21. Qd3
Nh7 22. Bf4 Red8 23. e3 Be7 24. Rb1 Bf6 25. Rb3 Qa5 26. Ne2 Ra8 27. Nd4 Bxd4
28. exd4 Qxa2 29. Rc1 Qa6 30. Qb1 Bd7 31. Bc7 Rdc8 32. Bd6 Qa2 33. Qd3 Qa6 34.
Qc3 Qe2 35. Re1 Qa6 36. Bf1 Qa5 37. Qc1 Qa2 38. Rb7 Be6 39. f4 g6 40. f5 gxf5
41. Rxe6 Ng5 42. Re3 Ne4 43. Rxe4 dxe4 44. Qxh6 Ra7 45. Be5 1-0